00361nam a2200097Ia 45000010005000000080041000050820026000461000035000722450136001072600020002432875241024s9999 xx 000 0 und d a[*SIN CLASIFICACION*] aVelázquez Cabiella, Ena Elsa 0aConferencia Iaugural Educación para la vida: Un Desafío permanente a los sistemas educacionales de América Latina y El Caribe bLa Habanac2013